01406naa a22003497a 4500001001000000003000900010005001700019007000300036008003400039040005400073041000900127072002500136090001800161100002400179100002100203111009400224245012200318260003600440500013000476650003300606650002000639650001000659650000700669650001200676650001300688650001000701773012700711909003600838942001400874999001900888952014900907BR7905444BR-BrBNA20240918174426.0ta230509b bl.||||| |||| 00| 0 por d aBR-BrBNAbporcBiblioteca Nacional de Agricultura a(Pt) aL10; L00b5240b8947 aL10 BR79054441 aOliveira, N.R.M. de1 aFigueiro, P.R.P.1 a1. Jornada Tecnica de Producao Ovina no Rio Grande do SulcBage, RS (Brazil)d10 Jul 19791 aInfluencia da prenhez e lactacao na producao e caracteristica da la, segundo a estacao de paricao [Ovino; Ovis aries]3 aBage, RS (Brasil): cDec 1979.  aAnais da 1. Jornada Tecnica de Producao Ovina no Rio Grande do Sul Bage, RS (Brasil): Dec 1979. p. 113-123 (BR7905444-AM)L10  aMelhoramento genetico animal aProducao animal aOvino aLa aPrenhez aLactacao aParto0 tAnais da 1. Jornada Tecnica de Producao Ovina no Rio Grande do SulwL10 BR7905444gBage, RS (Brasil), Dec 1979. p. 113-123 a202404bLuciac55dLucia Elande cAM2AGRIS c311160d311160 002AGRIS40708Acervo Gerala41918b41918cAgrobasel0o5240 BR7905432r2024-05-20t01yAM10d2024-04-11ePortaria Interministerial nÂș 164/94